Statistiken für Größte Städte der Welt nach Buchstabe - D

Klicken Sie hier um das Quiz zu spielen!

Allgemein

  • Dieses Quiz wurde 1,311 mal gespielt
  • Das Durchschnittsergebnis liegt bei 9 aus 16

Antwortstatistiken

Land Bevölkerung Stadt % Korrekt
V.A.E.4,63 Mio.Dubai
88%
Indien28,4 Mio.Delhi
86%
Syrien3,68 Mio.Damaskus
85%
USA5,70 Mio.Detroit
76%
Senegal3,50 Mio.Dakar
76%
USA6,90 Mio.Dallas
73%
Bangladesch18,8 Mio.Dhaka
71%
USA3,65 Mio.Denver
71%
Katar2,33 Mio.Doha
70%
Südafrika3,33 Mio.Durban
51%
Tansania5,90 Mio.Daressalam
49%
Südkorea2,75 Mio.Daegu
19%
Saudi-Arabien4,63 Mio.Dschidda
18%
Kamerun3,13 Mio.Douala
17%
China4,50 Mio.Dalian
15%
Saudi-Arabien2,38 Mio.Dammam
12%

Verteilung der Resultate

Perzentil nach korrekt beantworteten Fragen

Anzahl Personen mit jedem Resultat

Ihre Resultats-Entwicklung

Sie haben dieses Quiz noch nicht gespielt